| 000 | 00851nac a22002657a 4500 | ||
|---|---|---|---|
| 001 | BR7601342 | ||
| 003 | BR-BrBNA | ||
| 005 | 20240105113928.0 | ||
| 008 | 230509b bl.|||m| |||| 00| 0 por d | ||
| 040 |
_aBR-BrBNA _bpor _cBiblioteca Nacional de Agricultura |
||
| 072 | _aE10; E70 | ||
| 090 | _aE10 BR7601342 | ||
| 110 | 1 |
_aInstituto de Economia Agricola, Sao Paulo, SP (Brasil) _96029 |
|
| 245 | 1 | _aPrognostico 75/76 regiao centro-sul [Comercializacao; Mercado; Brasil] | |
| 260 | 3 |
_aSao Paulo, SP (Brasil): _c1975. |
|
| 300 | _a219 p. | ||
| 490 |
_aPrognostico. Regiao Centro-Sul - Instituto de Economia Agricola (Brazil) _v _x |
||
| 500 | _a137 tables | ||
| 650 | _aMacroeconomia | ||
| 650 | _aComercializacao | ||
| 650 | _aMercado | ||
| 650 | _aCentro-Sul | ||
| 909 |
_a202312 _bLúcia Elande _c55 _dLúcia Elande |
||
| 942 |
_2AGRIS _n0 _cMS |
||
| 999 |
_c266402 _d266402 |
||